Бухгалтерский (финансовый) учет. Теория и практика: учебное пособие для вузов

Dades bibliogràfiques
Autor principal: Погорелова М. Я. Марина Яковлевна
Sumari:В данное пособие входят основные темы, соответствующие федеральному образовательному стандарту по дисциплине «Бухгалтерский (финансовый) учет». В целях лучшего усвоения материала в каждой теме разработано практическое занятие. Пособие может быть полезно для студентов и аспирантов всех специальностей, а также преподавателей данной дисциплины.
Idioma:rus
Publicat: Москва, Инфра-М, 2013
Col·lecció:Высшее образование
Matèries:
Format: Llibre
KOHA link:https://koha.lib.tpu.ru/cgi-bin/koha/opac-detail.pl?biblionumber=230846

MARC

LEADER 00000nam0a2200000 4500
001 230846
005 20231101231031.0
010 |a 9785369011485 
010 |a 978-5-16-006405-5 
035 |a (RuTPU)RU\TPU\book\251827 
090 |a 230846 
100 |a 20130125d2013 m y0rusy50 ca 
101 0 |a rus 
102 |a RU 
105 |a a j 001zy 
200 1 |a Бухгалтерский (финансовый) учет. Теория и практика  |e учебное пособие для вузов  |f М. Я. Погорелова 
210 |a Москва  |c Инфра-М  |c РИОР  |d 2013 
215 |a 327 с.  |c ил. 
225 1 |a Высшее образование 
320 |a Библиогр.: с. 323-324. 
330 |a В данное пособие входят основные темы, соответствующие федеральному образовательному стандарту по дисциплине «Бухгалтерский (финансовый) учет». В целях лучшего усвоения материала в каждой теме разработано практическое занятие. Пособие может быть полезно для студентов и аспирантов всех специальностей, а также преподавателей данной дисциплины. 
606 1 |a Бухгалтерский учет  |2 stltpush  |3 (RuTPU)RU\TPU\subj\30744  |9 53805 
610 1 |a финансовый учет 
610 1 |a теория 
610 1 |a практика 
610 1 |a нормативное регулирование 
610 1 |a методы 
610 1 |a требования 
610 1 |a классификация 
610 1 |a бухгалтерский баланс 
610 1 |a план счетов 
610 1 |a бухгалтерская отчетность 
610 1 |a регистры 
610 1 |a основные средства 
610 1 |a нематериальные активы 
610 1 |a амортизация 
610 1 |a оборудование 
610 1 |a материалы 
610 1 |a материально-производственные запасы 
610 1 |a материально-производственные затраты 
610 1 |a производство 
610 1 |a калькулирование 
610 1 |a готовая продукция 
610 1 |a себестоимость 
610 1 |a реализация 
610 1 |a денежные средства 
610 1 |a финансовые вложения 
610 1 |a дебиторская задолженность 
610 1 |a кредиторская задолженность 
610 1 |a расчеты 
610 1 |a исковая давность 
610 1 |a авансы 
610 1 |a резервы 
610 1 |a оплата труда 
610 1 |a социальное страхование 
610 1 |a подотчет 
610 1 |a налоговый учет 
610 1 |a уставной капитал 
610 1 |a собственные акции 
610 1 |a резервный капитал 
610 1 |a добавочный капитал 
610 1 |a дивиденды 
610 1 |a доходы 
610 1 |a бюджетные средства 
610 1 |a забалансовые счета 
610 1 |a учебные пособия 
675 |a 657.22(075.8)  |v 3 
700 1 |a Погорелова  |b М. Я.  |g Марина Яковлевна 
801 1 |a RU  |b 63413507  |c 20130125 
801 2 |a RU  |b 63413507  |c 20150708  |g RCR 
942 |c BK 
959 |a 10/20130125  |d 2  |e 299,90  |f ЧЗГЛ:1  |f АНЛ:1